Externals and essentials /

Bibliographic Details
Main Author: Adamson, John Ernest, Sir, 1867-1950
Format: Book
Language:English
Published: Freeport, N.Y. : Books for Libraries Press, [1967]
Series:Essay index reprint series

MARC

Tag First Indicator Second Indicator Subfields
LEADER 00000cam a22000001 4500
001 in00000022428
005 20151007064006.0
008 740606r19671933nyu 00010 eng
010 |a  67022049  
035 |a (OCoLC)01358468 
035 |9 AAD8780AM 
040 |a DLC  |c DLC  |d TXA  |d UtOrBLW 
049 |a TXAM  |c [470513] 
050 0 0 |a PR6001.D286  |b E8 1967 
082 0 |a 824/.9/12 
092 |a 824  |b A221e, 1967 
100 1 |a Adamson, John Ernest,  |c Sir,  |d 1867-1950. 
245 1 0 |a Externals and essentials /  |c by Sir John Adamson. 
264 1 |a Freeport, N.Y. :  |b Books for Libraries Press,  |c [1967] 
300 |a 152 pages ;  |c 19 cm. 
336 |a text  |b txt  |2 rdacontent 
337 |a unmediated  |b n  |2 rdamedia 
338 |a volume  |b nc  |2 rdacarrier 
490 0 |a Essay index reprint series 
500 |a Reprint of the 1933 edition. 
505 0 |a In general.--Concentration.--Rhythm.--Self-expression. --Pursuit and attainment.--The challenge of poetry.--Labour and leisure.--Education as a blend of biological and value factors.--Poise and peace.--Wild and whirling words.--South Africa first.--Individualism first and last. 
999 |a MARS 
999 f f |s 297f924a-e133-33c4-a0fe-b15d3f01e273  |i c1cad830-de3a-3efd-b1d4-1a621ad1fd56  |t 0 
952 f f |p ric  |a Texas A&M University  |b Rellis Campus  |c Joint Library Facility  |d Remote Storage  |t 0  |e PR6001.D286 E8 1967  |h Library of Congress classification  |i unmediated -- volume  |m A14801336037 
998 f f |a PR6001.D286 E8 1967  |t 0  |l Remote Storage